000 00982nas a2200313 4500
001 BR2015004960
003 BR-BrBNA
005 20231205125649.0
007 ta
008 230509b bl.|||p| |||| 00| 00por d
040 _aBR-BrBNA
_bpor
_cBiblioteca Nacional de Agricultura
041 _a(Pt)
072 _aL73
100 1 _aRizzo, H.
100 1 _aGregory, L.
100 1 _aBeraldi, F.
100 1 _aCastro, V.
100 1 _aMorais, Z.M. de
100 1 _aVasconcellos, S.A.
245 1 _aSoropositividade para leptospirose e desempenho reprodutivo de ovinos de criatórios localzados no estado de São Paulo, Brasil
650 _aOVINO
650 _aLEPTOSPIROSE
650 _aDOENÇA ANIMAL
650 _aDISTÚRBIO
650 _aREPRODUÇÃO ANIMAL
773 0 _tRevista Brasileira de Medicina Veterinária (Brazil)
_xISSN 0100-2430
_g(Jul-Sep 2014), v. 36(3) p. 244-250
_wBR2015004960
909 _a202311
_bLúcia
_c55
_dLúcia Elande
942 _2AGRIS
_n0
_cANA
999 _c245451
_d245451